00912cam a2200289 i 45000010008000000030009000080050017000170070008000340080036000420150006000780170009000840200015000930350006001080400025001140800006001390820026001451000021001712450130001922460121003222600037004433000020004804900034005006500017005346500023005516500014005748300034005880000634DO-SdBNP20171108113220.00000634100514s 2002 mx | 000 f spa  a  a b  a9681911423 a  aBPMSUbspacBPMSUe  a  4a133.58951bK83d, 20031 aKoppel, Mónica10a2003 año de la cabra /bfeng shui y ki de las nueve estrellas para obtener abundancia, armonía y amor /cMónica Koppel 10aDos mil y tres año de la cabra bfeng shui y ki de las nueve estrellas para obtener abundancia, armonía y amor /0 aMéxico, D.F. :bTaurus,c2002. a119 p.: c22 cm1 aAlamah tradiciones de oriente 4aASTROLOGÍA 4aASTROLOGÍA CHINA 4aFENG SHUI 0aAlamah tradiciones de oriente